| 000 -LEADER |
| fixed length control field |
01229nam a22002177a 4500 |
| 003 - CONTROL NUMBER IDENTIFIER |
| control field |
OSt |
| 005 - DATE AND TIME OF LATEST TRANSACTION |
| control field |
20260124090450.0 |
| 008 - FIXED-LENGTH DATA ELEMENTS--GENERAL INFORMATION |
| fixed length control field |
230623b ||||| |||| 00| 0 eng d |
| 040 ## - CATALOGING SOURCE |
| Transcribing agency |
SSBU |
| 041 ## - LANGUAGE CODE |
| Language code of text/sound track or separate title |
Shan |
| 082 ## - DEWEY DECIMAL CLASSIFICATION NUMBER |
| Classification number |
294.34433 |
| 245 ## - TITLE STATEMENT |
| Title |
ၵႂၢမ်းဝႆႈၽြႃးၵွင်းမူးမႁႃႇပေႃးထိလႄႈဝတ်ႉတႆးၶူးဝႃးဝုၼ်းၸုမ်ႉပုတ်ႉထၵယႃႇ |
| Statement of responsibility, etc. |
သင်ႇၶၸဝ်ႈဝတ်ႉတႆးၶူးဝႃးဝုၼ်းၸုမ်ႉပုတ်ႉထၵယႃႇမိူင်းဢိၼ်းတီးယႃး ၶပ်းၶိုင်- |
| 260 ## - PUBLICATION, DISTRIBUTION, ETC. |
| Place of publication, distribution, etc. |
ၵယႃႇ |
| Name of publisher, distributor, etc. |
မၼ်ၵလမ် |
| Date of publication, distribution, etc. |
2010 |
| 300 ## - PHYSICAL DESCRIPTION |
| Extent |
72 ၼႃႈ |
| Dimensions |
27 ၸိၼ်ႇထီႇ |
| 500 ## - GENERAL NOTE |
| General note |
S-SAT: Dr. Prof Sai Aung Tun |
|
| General note |
ပပ်ႉၸဝ်ႈတႃႇၼႁင်းၶေႃတွၵ်ႉတိူဝ်ႇၸၢႆးဢွင်ႇထုၼ်းလူႇတၢၼ်ႈဝႆႉ၊ လိၵ်ႈတႆး၊ လိၵ်ႈမၢၼ်ႈ လႄႈ ထႆးတဵမ်ႈၸွမ်းၵၼ် |
| 650 ## - SUBJECT ADDED ENTRY--TOPICAL TERM |
| Topical term or geographic name entry element |
ထမ်းဝႆႈၽြႃး |
| 942 ## - ADDED ENTRY ELEMENTS (KOHA) |
| Koha item type |
Book (Short term) |
| 650 ## - SUBJECT ADDED ENTRY--TOPICAL TERM |
| 9 (RLIN) |
20673 |
|
| Source of classification or shelving scheme |
|
|
| Source of classification or shelving scheme |
|